000
00267nam a22001217a 4500
008
170809b xxu||||| |||| 00| 0 eng d
041
_a
eng
080
_a
004
100
_a
35
101
_a
SHK
245
_a
HOW TO UNDESTAND AND USE GRIDS
_c
SWANN,A
942
_2
udc
_c
BK
999
_c
22977
_d
22977